| 000 | 01528nam0a22002891 4500 | ||
|---|---|---|---|
| 001 | rc\2596686 | ||
| 005 | 20260406072053.0 | ||
| 035 | _a(NLR Aleph) 006760836 | ||
| 090 |
_a5842588 _c5842588 |
||
| 100 | _a20110914d1929 |||y0rusy50 ca | ||
| 101 | 0 | _arus | |
| 102 | _aRU | ||
| 105 | _aab z ||||| | ||
| 200 | 1 |
_aАфганистан _eС карт. и схем. _fИ. М. Рейснер _gВступ. статья Ф. Ф. Раскольникова |
|
| 205 | _a[2-е изд.] | ||
| 210 |
_aМосква _cКоммун. акад. _d1929 _gтип. изд-ва "Крестьянская газета" |
||
| 215 |
_aVIII, 267 с., 5 л. красочн. схем., карт. _d22х16 см. |
||
| 225 | 1 |
_aКолониальная серия _fКоммун. акад. Ин-т мирового хозяйства и мировой политики. Под ред. Н. Бухарина, Е. Варга, Е. Пашуканиса и Ф. Ротштейна |
|
| 300 | _a1-е изд.: Рейснер, И. М. Независимый Афганистан. (См. № 45 "Кн. лет". 1928 г. запись № 19088) | ||
| 300 | _aВ переплете-папке | ||
| 700 | 1 |
_aРейснер _bИ.М. _f1898-1958 _gИгорь Михайлович |
|
| 702 | 1 |
_4080 _aРаскольников _bФ. Ф. _cреволюционер, гос. деятель _f1892-1939 _gФёдор Фёдорович _3RU\NLR\AUTH\770127969 _9127943 |
|
| 801 | 0 |
_aRU _bNLR _gpsbo |
|
| 801 | 1 |
_aRU _bELAR _2rusmarc |
|
| 852 |
_aNLR _j67/502 |
||
| 942 | _cBOOK | ||
| 980 | _aNB | ||